000
00234nam a22000857a 4500
008
160917b xxu||||| |||| 00| 0 eng d
100
_9
651
_a
Bhattacharya.B.
245
_a
Our Social Panoramma-IV
260
_a
New Delhi
_b
P.P. Publications
_c
2011
999
_c
3308
_d
3308